zpět

Detail výsledku týmu

Pekelná Husa, Klatovy

Datum a čas kvízu

34 Celkem bodů Celkový počet nahraných bodů na tomto kvízu bez doplňovacích otázek.
3. Pořadí na kvízu Konečné umístění týmu na tomto kvízu.

Zaznamenané odpovědi

# Otázka Odpověď Body Výsledky
1. Jeden muž dostal nabídku k náv... Miroslav Kalousek 1
2. Jeden z vystupujících v opeře... spadly mu kalhoty 0
3. V sobotu se v Liverpoolu konal... Vesna 0
4. Poslední dny se diskutuje o ch... CBD 1
5. Klub HC Škoda Plzeň představil... Jan Šmucler 1
6. V tomto tématu jsme se probral... bod: D – v hospodě, půlbod: B – na stadionu 1
7. Co na člověku prozradí, že ho... bod: A – zčervená, půlbod: D – má erekci 0
8. Který tanec je sexy? A – lamb... bod: B – tango, půlbod: A – lambada 1
9. Co si berete do postele, když... bod: C – pes, půlbod: D – dítě 0
10. Z jakého důvodu sáhnete po alk... bod: C – oslava, půlbod: B – stres 1